| 000 | 00966nam a22002657a 4500 | ||
|---|---|---|---|
| 999 |
_c64168 _d64168 |
||
| 005 | 20240530110718.0 | ||
| 008 | 180310s2016 ua ad f b 000 0 ara d | ||
| 017 |
_a2016/17559 _bمصر. دار الكتب |
||
| 020 | _a9789778120431 | ||
| 040 |
_aEG-CaGPL _cEG-CaGPL |
||
| 082 | 0 | 4 |
_221 _a303.625\ _bج أ |
| 100 | 0 | _aجاسم محمد | |
| 245 | 1 | 0 |
_aاجهزة استخبارات اوروبا فى مواجهة خلايا داعش : _bترهل اجهزة استخبارات اوروبا / _cجاسم محمد |
| 250 | _aط.1 | ||
| 260 |
_aالقاهرة : _bالمكتب العربى للمعارف ، _c2017 . |
||
| 300 |
_a273 ص. ؛ _c24 سم. |
||
| 600 | 0 | _aابوبكر البغدادى | |
| 650 | 0 | 7 |
_2qrmak _aداعش |
| 650 | 0 | 7 |
_2qrmak _aالاتحاد الاوروبى |
| 650 | 0 | 7 |
_2qrmak _aالارهاب |
| 650 | 0 | 7 |
_2qrmak _aقمة بروكسل |
| 651 | 0 | 7 | _2qrmak |
| 942 |
_2ddc _cBK |
||